Southville International School and Colleges
Your cart is empty.
  • Cart
  • Lists
    Public lists Eva Luna New books Lux_list list_1
    Your lists Log in to create your own lists
  • Log in to your account
  • Your cookies
  • Search history
Southville International School and Colleges
  • Advanced search
  • Recent comments
  • Most popular
  • Libraries

Log in to your account

Log in with GOOGLE


If you do not have an external account, but do have a local account, you can still log in:

  1. Home
  2. MARC view: Cultural anthropology
Normal view MARC view ISBD view

Cultural anthropology (Record no. 15164)

[ view plain ]
MARC details
000 -LEADER
fixed length control field 01265cam a2200385 a 4500
001 - CONTROL NUMBER
control field 14429406
003 - CONTROL NUMBER IDENTIFIER
control field OSt
005 - DATE AND TIME OF LATEST TRANSACTION
control field 20140310182700.0
008 - FIXED-LENGTH DATA ELEMENTS--GENERAL INFORMATION
fixed length control field 060627s2008 mauab b 001 0 eng
010 ## - LIBRARY OF CONGRESS CONTROL NUMBER
LC control number 2006046621
020 ## - INTERNATIONAL STANDARD BOOK NUMBER
International Standard Book Number 9780073530956 (pbk. alk. paper)
020 ## - INTERNATIONAL STANDARD BOOK NUMBER
International Standard Book Number 0073530956 (pbk. : alk. paper)
040 ## - CATALOGING SOURCE
Original cataloging agency DLC
Transcribing agency DLC
Modifying agency DLC
050 00 - LIBRARY OF CONGRESS CALL NUMBER
Classification number GN 316
Item number .K87 2009
082 00 - DEWEY DECIMAL CLASSIFICATION NUMBER
Classification number M 301
Item number K84 2009
100 1# - MAIN ENTRY--PERSONAL NAME
Personal name Kottak, Conrad Phillip.
245 10 - TITLE STATEMENT
Title Cultural anthropology
Statement of responsibility, etc Kottak, Conrad Phillip
250 ## - EDITION STATEMENT
Edition statement 12th ed.
260 ## - PUBLICATION, DISTRIBUTION, ETC. (IMPRINT)
Place of publication, distribution, etc Boston
Name of publisher, distributor, etc McGraw Hill
Date of publication, distribution, etc c2009
300 ## - PHYSICAL DESCRIPTION
Extent 1 v. (various pagings)
Other physical details col. ill., maps
Dimensions 28 cm.
Accompanying material 1 computer optical disk (4 3/4 in.)
504 ## - BIBLIOGRAPHY, ETC. NOTE
Bibliography, etc Includes bibliographical references (p. B1-B35) and indexes.
521 ## - TARGET AUDIENCE NOTE
Target audience note
526 ## - STUDY PROGRAM INFORMATION NOTE
Reading level 1210L-1700L
541 ## - IMMEDIATE SOURCE OF ACQUISITION NOTE
-- 1
541 ## - IMMEDIATE SOURCE OF ACQUISITION NOTE
-- 2
541 ## - IMMEDIATE SOURCE OF ACQUISITION NOTE
-- 3
541 ## - IMMEDIATE SOURCE OF ACQUISITION NOTE
-- 4
541 ## - IMMEDIATE SOURCE OF ACQUISITION NOTE
-- 5
562 ## - COPY AND VERSION IDENTIFICATION NOTE
Number of copies 5
650 #0 - SUBJECT ADDED ENTRY--TOPICAL TERM
Topical term or geographic name as entry element Ethnology.
856 41 - ELECTRONIC LOCATION AND ACCESS
Materials specified Table of contents
Uniform Resource Identifier <a href="http://www.loc.gov/catdir/toc/fy0801/2006046621.html">http://www.loc.gov/catdir/toc/fy0801/2006046621.html</a>
906 ## - LOCAL DATA ELEMENT F, LDF (RLIN)
a 7
b cbc
c orignew
d 1
e ocip
f 20
g y-gencatlg
942 ## - ADDED ENTRY ELEMENTS (KOHA)
Source of classification or shelving scheme Library of Congress Classification
Koha item type Books
Call number prefix
Holdings
Withdrawn status Lost status Source of classification or shelving scheme Damaged status Home library Current library Shelving location Date acquired Total Checkouts Total Renewals Full call number Barcode Date last seen Date checked out Copy number Price effective from Koha item type Source of acquisition
    Library of Congress Classification   Archives Archives   05/18/2013     GN 316 .K87 2009 C10923 05/15/2018   2 05/18/2013 Books Donation
    Library of Congress Classification   Archives Archives   05/18/2013     GN 316 .K87 2009 C13182 05/15/2018   3 05/18/2013 Books Donation
    Library of Congress Classification   College Library College Library General Circulation Section 04/19/2012 2 24 GN 316 .K87 2009 C14245 11/27/2019 11/14/2019 1 04/19/2012 Books  
    Library of Congress Classification   College Library College Library General Circulation Section 05/18/2013     GN 316 .K87 2009 c14908 05/15/2018   4 05/18/2013 Books  
    Library of Congress Classification   College Library College Library General Circulation Section 06/03/2013 1 23 GN 316 .K87 2009 c15931 05/15/2018 06/24/2014 5 06/03/2013 Books  

Cultural anthropology

APA

Kottak C. P., . (2009). Cultural anthropology. Boston: McGraw Hill.

Chicago

Kottak Conrad Phillip, . 2009. Cultural anthropology. Boston: McGraw Hill.

Harvard

Kottak C. P., . (2009). Cultural anthropology. Boston: McGraw Hill.

MLA

Kottak Conrad Phillip, . Cultural anthropology. Boston: McGraw Hill. 2009.

  • Place hold
  • Print
  • Cite
  • Add to your cart (remove)
  • Save record
    BIBTEX Dublin Core MARCXML MARC (non-Unicode/MARC-8) MARC (Unicode/UTF-8) MARC (Unicode/UTF-8, Standard) MODS (XML) RIS
  • More searches
    Search for this title in:
    Other Libraries (WorldCat) Other Databases (Google Scholar) Online Stores (Bookfinder.com) Open Library (openlibrary.org)

Exporting to Dublin Core...

SOUTHVILLE LIBRARY

Southville International School and Colleges Library

1281 Tropical Ave. Cor. Luxembourg St., BF Homes International, Las Pinas City

Tel. No. 8256374 / 252358 Loc. 117/146

Powered by Koha